[Event "Munich"]
[Site "Munich"]
[Date "1990.??.??"]
[Round "?"]
[White "Bischoff, Klaus"]
[Black "Huebner, Robert"]
[Result "1/2-1/2"]
[WhiteElo "2505"]
[BlackElo "2595"]
[Annotator "Ribli,Z"]
[PlyCount "24"]
[EventDate "1990.04.??"]
[EventType "tourn"]
[EventRounds "11"]
[EventCountry "GER"]
[EventCategory "13"]
[SourceTitle "CBM 018"]
[Source "ChessBase"]
[SourceDate "1990.10.01"]
[SourceVersion "1"]
[SourceVersionDate "1990.10.01"]
[SourceQuality "1"]

1. c4 e5 2. Nc3 Nf6 3. e3 Bb4 4. Nge2 O-O 5. a3 Be7 6. Ng3 Re8 $5 7. Be2 c6 8.
O-O (8. d4 $5) 8... d5 9. d4 exd4 10. exd4 (10. Qxd4 $5) 10... Na6 11. c5 Nc7
12. f4 b6 1/2-1/2

[Event "Goodricke op 13th"]
[Site "Kolkata"]
[Date "2002.03.22"]
[Round "6"]
[White "Sorokin, Maxim"]
[Black "Motylev, Alexander"]
[Result "1-0"]
[WhiteElo "2551"]
[BlackElo "2639"]
[Annotator "Ribli,Z"]
[PlyCount "115"]
[EventDate "2002.03.17"]
[EventType "swiss"]
[EventRounds "11"]
[EventCountry "IND"]
[SourceTitle "CBM 088"]
[Source "ChessBase"]
[SourceDate "2002.03.21"]
[SourceVersion "1"]
[SourceVersionDate "2002.03.21"]
[SourceQuality "1"]

1. c4 e5 2. Nc3 Nf6 3. g3 Bb4 {Schwarz folgt einer einfachen Strategie - er
möchte den Nc3 abtauschen. - Nach 3...Nc6 4.Bg2 Bb4 kann Weiß stark mit 5.Nd5
fortsetzen.} (3... d5 4. cxd5 Nxd5 5. Bg2 Nb6) 4. Bg2 O-O 5. e4 {Nach diesem
Zug muss Schwarz von sich aus auf c3 nehmen, sonst folgt 6.Nge2 und Weiß kann
im Falle von Bxc3 mit dem Springer auf c3 zurückschlagen.} Bxc3 6. bxc3 c6 {
Das ist interessant - Weiß hat das Läuferpaar, und doch ist es Schwarz, der
die Stellung mit 7...d5 öffnen will. Die Alternative 6...d6 kommt auch stark
in Betracht.} (6... d6 7. Ne2 Na6 $5 8. d3 Bd7 9. h3 Nc5 10. O-O b5 $5 11. cxb5
Bxb5 12. c4 Ba4 13. Qd2 Nfd7 14. f4 f6 15. g4 Ne6 16. f5 Nd4 17. Nc3 Nc5 18.
Ba3 Qd7 {0-1 Laylo,D-Torre,E/Quezon City 2001/CBM 81 ext (56)}) 7. d4 (7. Ne2
d5 8. cxd5 cxd5 9. exd5 Nxd5 10. O-O Nc6 11. Qb3 Nb6 12. d4 {1/2-1/2 Lalic,
B-Sax,G/Balatonbereny 1994/CBM 43 (12)}) (7. Qb3 Na6 8. Ba3 Re8 (8... d6 9. Ne2
Be6 10. d4 exd4 11. Nxd4 Nd7 12. O-O Ndc5 13. Qc2 Bxc4 14. Rfd1 Qa5 {1/2-1/2
Ibragimov,I-Pavlovic,M/Ikaria 1993/EXT 97 (48)}) 9. d3 (9. Ne2 b6 10. O-O Bb7
11. c5 Nxc5 $1 12. Bxc5 Ba6 13. Bxb6 axb6 14. c4 d6 15. a4 Qc7 {0-1
Steindorsson,S-Timman,J/Reykjavik 2000/CBM 75 ext (34)}) 9... d5 10. cxd5 cxd5
11. exd5 e4 12. O-O-O exd3 13. Rxd3 Bf5 14. Re3 Rxe3 15. fxe3 Qe8 16. c4 b5 {
0-1 Miezis,N-Epishin,V/Bern 1993/TD (35)}) 7... d6 {Dieser genügsame Zug
gefällt mir nicht - denn damit überläßt Schwarz seinem Gegner die Initiative.
Sofortiges Spiel gegen das weiße Zentrum verdient hier den Vorzug..} (7... Qa5
8. Bd2 b6 9. Qb3 Re8 10. O-O-O Ba6 11. Re1 d6 12. f4 Nbd7 13. fxe5 dxe5 14. Nh3
c5 15. a4 Rec8 16. Bf1 Ne8 17. d5 Nd6 18. Nf2 Nf6 19. g4 {1-0 Hjort,H-Iskov,G/
Vejle 1974/MCD (38)}) (7... exd4 $5 8. e5 (8. Qxd4 Re8 9. Bg5 c5 10. Bxf6 Qb6
11. Qd3 Qxf6 12. Ne2 Nc6) 8... Re8 9. cxd4 d6 10. f4 dxe5 11. fxe5 {Weiß
besitzt das Läuferpaar und ein starkes Bauernzentrum, dafür hat Schwarz
Entwicklungsvorsprung.} c5 $13) 8. Ne2 c5 (8... Re8 $5 {Jetzt hängt indirekt -
nach exd4 - der Pe4, und Schwarz kann das Zentrum eventuell mit d6-d5 sprengen.
}) 9. d5 Ne8 10. h3 $14 {Weiß hat aufgrund des Doppelbauern auf der c-Linie
die schlechtere Bauernstruktur . Andererseits jedoch verfügt er über das
Läuferpaar und kann in der Folge mit f2-f4 die Initiative ergreifen. - Der
Textzug ist stärker als die etwas zu schablonenartige Rochade.} g6 11. Bh6 {
[%csl Gh6] Der schwarzfeldrige Läufer steht aktiv.} Ng7 12. g4 Nd7 (12... f5
13. gxf5 gxf5 14. Rg1 $36 {[%cal Gg1g8]}) 13. Ng3 {[%csl Gg3] Jetzt kann
Schwarz nicht mehr f7-f5 spielen.} f6 14. Bf1 $1 {[%mdl 32] Der Läufer stand
zu passiv auf g2 - Weiß möchte Bd3 spielen, von hier aus verteidigt der Läufer
auch den Pc4.} Qa5 15. Qd2 Nb6 16. Bd3 Bd7 (16... Qa4 17. Qe2 Qa5 18. Rc1 $14)
17. O-O {Jetzt ist die Rochade stark - die positionelle Drohung von Weiß
lautet 18.f4.} Na4 (17... g5 18. h4) 18. Rac1 Rab8 (18... g5 19. h4 gxh4 (19...
Bxg4 20. hxg5 $16) 20. Nf5 $36 (20. Nh5 Nxh5 21. Bxf8 Nf4 $132)) 19. f4 $36
exf4 {Wenn Schwarz nicht nimmt, verstärkt Weiß den Druck mit Rf3 und Rcf1.} 20.
Qxf4 Qc7 21. Rf2 (21. Rc2 {[%cal Gc2f2]}) 21... Rbe8 22. Rcf1 {[%cal Gf1f8]
Weiß übt starken Druck auf der f-Linie aus.} Bc8 (22... Nxc3 23. Qc1 Na4 24.
Rxf6 $16) 23. g5 $1 {[%mdl 64] Die Bauern auf c3 und h3 haben keine Bedeutung,
es zählt jetzt nur die Öffnung der Stellung.} Bxh3 24. gxf6 Bxf1 25. Bxf1 {
[%csl Rg7] Der Ng7 steht sehr unglücklich - momentan hat Weiß eine Qualität
weniger, aber er gewinnt das Material zurück.} Re5 26. fxg7 Rxf4 27. Rxf4 {
[%csl Rg8][%cal Rf4f8,Rf8g8]} Qxg7 $8 {Schwarz hatte großen Materialvorteil,
aber es bleibt ihm keine Wahl, er muss seine Dame für B + P geben.} (27... Qf7
28. Rxf7 Kxf7 29. Bh3 $18) 28. Bxg7 Kxg7 {Weiß hat jetzt zwar eine Figur mehr,
aber seine technische Aufgabe ist nicht so einfach. Denn die Stellung ist
geschlossen, und sein Läufer steht passiv. Andererseits muss der weiße
Materialvorteil früher oder später die Partie entscheiden.} 29. Rf3 {Weiß muss
den Pc3 verteidigen.} h5 30. Re3 {Jetzt ist der Pe4 verteidigt, so dass Weiß
seinen Springer befreien kann.} Kf6 31. Ne2 Nb2 (31... g5 $6 32. Ng3 h4 33. Nf5
$18) 32. Nf4 {[%csl Gf4] Droht 33.Rf3 oder 33.Rg3, zudem muss Schwarz mit Nd3
rechnen.} Nd1 (32... Re7 33. Rf3 $18 {[%csl Rf6]}) 33. Rf3 Rxe4 (33... Kg7 34.
Ne6+ Kh6 35. Be2 Nb2 36. Rf8 $18) 34. Nxh5+ Ke5 (34... Kg5 35. Ng7 $18) 35. Nf6
Rf4 (35... Re1 36. Ng4+ Ke4 37. Rf6 $18) 36. Nd7+ Ke4 37. Rxf4+ (37. Rg3 $18)
37... Kxf4 38. Nxc5 $1 {Das ist die Pointe des weißen Spiels - damit gewinnt
er einen Schlüsselbauern.} b6 (38... dxc5 39. d6 $18) 39. Nb7 Ke5 40. Nd8 {
Jetzt droht 41.Nf7+.} Kf6 (40... Nxc3 41. Nf7+ $18 {[%cal Rf7e5,Rf7d6]}) 41.
Nc6 a5 (41... Nxc3 42. Nxa7 Nxa2 43. Nc8 Ke5 44. Nxb6 $18) 42. c5 $1 bxc5 (
42... dxc5 43. Bc4 $18 {[%cal Rd5d6]} (43. Bh3 Nxc3 44. d6 Ne2+ 45. Kf2 Nd4 46.
Nxd4 cxd4 47. Kf3 $18)) 43. c4 {Die weiße Bauernstruktur ist nun wieder gesund.
} a4 44. a3 Kf5 {Das ist eigentlich ein Bauernopfer, aber das Eindringen des
schwarzen Königs scheint die letzte praktische Gegenchance für Schwarz zu sein.
} (44... Nc3 45. Bd3 $18) 45. Bd3+ Kf4 46. Bxg6 Nb2 (46... Ke3) 47. Na5 Ke3 48.
Be8 Kd2 49. Bb5 Kc2 50. Nb7 Kb3 51. Nxc5+ $1 $18 {Das gleiche Motiv wie im 38.
Zug - hier entscheidet der Springerzug die Partie.} (51. Nxd6 Kxa3 $132) 51...
Kxa3 (51... dxc5 52. d6 $18) 52. Nxa4 {Weiß gibt die Figur zurück und gewinnt
leicht.} Nxa4 53. Bxa4 Kxa4 54. c5 dxc5 55. d6 c4 56. d7 c3 57. d8=Q c2 {
Mit c- und f-Bauern gibt es einige Stellungen, in denen der Verteidiger
aufgrund des Pattmotivs (mit dem König auf a1 bzw. h1) theoretische
Rettungschancen besitzt, hier aber steht der schwarze König ungünstig.} 58. Qd2
(58. Qd2 Kb3 59. Qc1 $18) 1-0

[Event "Donetzk zt"]
[Site "Donetsk"]
[Date "1998.11.10"]
[Round "8"]
[White "Lerner, Konstantin Z"]
[Black "Komarov, Dimitri"]
[Result "0-1"]
[WhiteElo "2580"]
[BlackElo "2570"]
[Annotator "Ribli,Z"]
[PlyCount "112"]
[EventDate "1998.11.02"]
[EventType "swiss"]
[EventRounds "11"]
[EventCountry "UKR"]
[SourceTitle "CBM 068"]
[Source "ChessBase"]
[SourceDate "1999.02.01"]
[SourceVersion "1"]
[SourceVersionDate "1999.02.01"]
[SourceQuality "1"]

1. c4 Nf6 2. Nc3 e5 3. e3 {Mit diesem Zug vermeidet Weiß die theoretischen
Hauptvarianten und möchte die Sizilianische Verteidigung im Anzug spielen.
Dieses Vorgehen verspricht ihm allerdings keinen Eröffnungvorteil. Ribli.} Bb4
4. Nge2 O-O 5. Nd5 {Das ist eine Lieblingsvariante Lerners. Er spielte sie
bereits 1987 in einer Partie gegen Gavrikov.} (5. Ng3 c6 6. a3 Ba5 7. b4 Bc7 8.
Be2 d5 9. cxd5 cxd5 10. d4 e4 11. a4 Nc6 12. Ba3 Bd6 13. b5 Bxa3 14. Rxa3 Ne7
15. a5 g6 16. Qb3 h5 17. h4 Be6 18. Qb4 Rc8 19. Kd2 Re8 20. Rc1 {0-1 Milov,
V-Morozevich,A/Tilburg 1994/CBM 44 (84)}) (5. a3 $5 {Dieser Zug scheint
logisch. Schwarz steht vor der Entscheidung, auf c3 zu tauschen oder nicht.}
Be7 $5 (5... Bxc3 6. Nxc3 d5 7. cxd5 Nxd5 8. Qc2 $14) 6. d4 exd4 7. Qxd4 (7.
Nxd4 d5 $11) 7... Nc6 8. Qd1 (8. Qd2 $2 Na5 $17 {[%cal Ra5b3,Rb3d2,Rb3a1,Ra5c4]
}) 8... Ne5 9. Nf4 {[%cal Yf4d5]} c6 10. Be2 d6 11. O-O a6 $11 {[%cal Gb7b5]})
5... Nxd5 6. cxd5 {Weiß hat Raumvorteil im Zentrum, aber die Stellung ist
zweischneidig, denn Schwarz hat die bessere Entwicklung.} d6 (6... c6 7. a3 Be7
8. Nc3 b5 9. d4 exd4 10. exd4 b4 11. axb4 Bxb4 12. Bd3 cxd5 13. Qh5 g6 14. Qxd5
Nc6 15. O-O Kg7 16. Be3 a5 17. Rfc1 Be7 18. Bb5 Bb7 19. Qf3 Bg5 20. Bxc6 Bxc6
21. d5 Bb7 22. Ne4 {1-0 Buturin,V-Grigorian,K/Belgorod 1989/TD (46)}) (6... c5
7. Ng3 d6 8. Be2 f5 9. O-O Nd7 10. f4 Ba5 11. Qc2 g6 12. b3 Nf6 13. Bb2 Bc7 14.
e4 fxe4 15. Nxe4 Nxe4 16. Qxe4 Qh4 17. g3 Qe7 18. fxe5 dxe5 19. Rxf8+ Kxf8 20.
Rf1+ Kg7 21. Bg4 {1/2-1/2 Lerner,K-Gavrikov,V/Tallinn 1987/EXT 97 (21)}) 7. a3
{Der Läufer steht nicht sonderlich gut auf b4 und so kann Weiß den Damenflügel
mit Tempo entwickeln.} Ba5 (7... Bc5 8. b4 Bb6) 8. b4 Bb6 9. Nc3 Qg5 {[%csl
Gg5]} (9... f5 $5 {[%cal Gf8f1]}) (9... a5 $5) (9... c6 10. Bb2 $14) 10. Na4
Nd7 11. Qc2 {[%csl Gc2,Rc7] Schwarz hat einige Probleme mit der Entwicklung
des Damenflügels. Der Bauer d5 ist für ihn unangenehm.} Nf6 12. Nxb6 cxb6 $5 {
Schwarz entledigt sich seiner Probleme mit dem c-Bauern und plant im Folgenden
...Rc8.} (12... axb6 13. d3 {[%cal Ge3e4,Gc1g5]} (13. e4 Qg6 14. d3 Ne8 $13 {
[%cal Gf7f5]}) (13. Qxc7 Nxd5 14. Qxd6 $13 (14. Qc2 Nxb4 $17 {[%cal Ga8a1]}) (
14. Qc4 Be6 $17 {[%csl Rc4]}) 14... Rd8 15. h4 Rxd6 16. hxg5 Nxb4 17. Rb1)
13... Nxd5 14. e4 {[%cal Rc1g5,Re4d5]} Nxb4 (14... Nf4 $2 15. g3 $18 {[%csl
Rf4]}) 15. Qb3 Nxd3+ 16. Qxd3 (16. Bxd3 Qxg2 $17) 16... Qg6 $13) 13. e4 Bd7 14.
d3 {[%cal Rc1g5]} Qg6 {[%cal Gg6g2]} 15. g3 Rac8 {[%cal Rc8c2] Schwarz ist
besser entwickelt und beherrscht die c-Linie.} 16. Qe2 Ba4 $15 {[%csl Ga4,Gc8]
[%cal Rc8c2]} 17. Bg2 Rc2 18. Bd2 Qg4 $6 (18... Ne8 $5 {[%cal Ge8c7,Gc7b5,
Gb5d4]} 19. O-O Nc7 20. Rfc1 Nb5 21. Rxc2 Nd4 $15 {[%cal Rd4c2,Rd4e2]}) 19. h3
Qd7 (19... Qxe2+ 20. Kxe2 Rfc8 21. Rhc1 Rxc1 22. Rxc1 Rxc1 23. Bxc1 $14 {
Mit einem ähnlichen Endspiel wie in der Partie.}) 20. O-O Rfc8 21. Rfc1 $11
Rxc1+ (21... R8c7 22. Rxc2 Rxc2 23. Rc1 Qc8 24. Qd1 Ne8 25. Bf1 Rxc1 26. Qxc1
Qxc1 27. Bxc1 Nc7 $11 {[%cal Gc7b5]}) 22. Rxc1 Rxc1+ 23. Bxc1 Qc7 24. Bb2 Qc2 {
Schwarz besitzt in der c-Linie außer dem Textzug keine weiteren
Eindringungsmöglichkeiten.} 25. Qxc2 Bxc2 {[%csl Rd3][%cal Rc2d3]} 26. Bf1 Kf8
27. Be2 {Weiß bereitet den Zug 28.f4 vor und unterbindet so mögliches
Gegenspiel mit 28...Nh5.} (27. f4 Nh5 {[%cal Rh5f4,Rh5g3]} 28. fxe5 Nxg3 29.
exd6 Nxf1 30. Bxg7+ $5 Ke8 (30... Kxg7 31. d7 $18 {[%csl Gd7]}) 31. Kxf1 Bxd3+
$11) 27... Ke7 28. f4 (28. f3 $14 {[%cal Gd3d4] Das ist der andere mögliche
Plan: Weiß bereitet 29.d4 vor.}) 28... Nd7 {Schwarz muß den Bauern e5
verteidigen.} (28... exf4 $6 {Und das weiße Zentrum ist sehr stark.} 29. gxf4
$14 {[%csl Gb2,Gd5,Ge4,Gf4]}) 29. Kf2 f6 30. h4 Ba4 31. Bg4 {[%csl Gg4][%cal
Gg4c8]} Bc2 32. Ke3 Ba4 33. Kd2 {Nimmt dem schwarzen Läufer das Feld c2.} Kd8
34. d4 {Nur so kann Weiß die Stellung verbessern.} exf4 (34... exd4 $2 35. Bxd4
$16 {[%csl Gd4,Gg4]}) 35. gxf4 {Weiß hat ein schönes Bauernzentrum, aber sein
b2-Läufer ist eingeschlossen.} Bb5 36. h5 $6 {Später wird dieser Bauer schwach,
denn der Gegner hat den weißfeldrigen Läufer.} (36. e5 $6 Bc4 {[%csl Rd5]} (
36... dxe5 $2 {Dieser Zug wäre unlogisch.} 37. dxe5 $16 {[%csl Gb2,Gd5,Ge5,Gg4]
}) 37. Be6 b5 38. Ke3 (38. exd6 Nb6 $15 {[%csl Rb2,Rd4,Rd5,Rd6] Schwarz möchte
39...Bxd5 spielen und möglichst die weißfeldrigen Läufer tauschen. Er hat dann
ein überlegenes Endspiel.}) 38... Nb6 39. Ke4 Ke7 $15 {[%csl Rb2,Rd5] Es ist
jetzt schon Weiß, der ums Remis kämpfen muß. Sein d5-Bauer ist eine ewige
Schwäche.}) 36... h6 37. Ke3 (37. e5 Bc4 38. Be6 b5 $15) 37... Bc4 $11 {
[%cal Gb6b5,Gd7b6] Schwarz bereitet 38...b5 und ...Nb6 vor.} 38. a4 b5 39. a5 (
39. axb5 Bxb5 $11 {[%csl Ga7,Gb7][%cal Gd7b6,Gb6c4]}) 39... Ke7 40. Bc3 Kd8 41.
Be1 Nb8 {[%cal Gb8a6,Ga6b4]} 42. e5 $6 {Weiß sollte meines Erachtens eher auf
Remis spielen, denn er steht nicht besser. Er kann mit seinem schwarzfeldrigen
Läufer (Bd2-c3-e1) abwarten und es ist für Schwarz schwierig, etwas Konkretes
zu erreichen.} (42. Bc3 Na6 43. Be1 Kc7 44. Bc3 b6 45. axb6+ Kxb6 46. Be1 $11)
42... Bxd5 43. exf6 $6 (43. exd6 $11 {[%csl Gd6]}) 43... gxf6 44. f5 {[%csl
Rf6,Rh6][%cal Ge1g3,Gg3h4] Weiß riskiert zu viel!} Nc6 {[%csl Gc6][%cal Gc6b4,
Gc6d4]} 45. Bg3 Ke7 (45... Nxb4 46. Bxd6 {[%cal Rd6b4,Rd6f8,Gf8h6]}) 46. Bf4
Nxb4 47. Bxh6 Nc6 $17 {[%csl Ra5] Der weiße h-Bauer ist in Wirklichkeit nicht
so gefährlich.} 48. Bg7 {Weiß möchte den h-Bauern unterstützen, aber seine
Lage ist schon sehr schwierig.} b4 {[%csl Gb4]} 49. Kd3 (49. h6 Bg8 {[%csl Gg8]
} 50. Bh5 b3 51. Kd3 Nxd4 $19 {[%cal Rb3b2,Rb2b1]}) 49... Bg8 (49... Nxa5) 50.
Bf3 Nxa5 {[%csl Gb4] Schwarz hat dank seiner zwei Mehrbauern gute
Gewinnaussichten.} 51. d5 Bh7 {[%cal Rh7f5]} 52. Bg4 b5 {[%cal Ra5c4] Schwarz
sichert sich das Feld c4 für seinen Springer. Die schwarzen Bauern kommen.} 53.
Bh6 {Der Läufer stand tatsächlich nicht so gut auf g7.} Nc4 54. Kd4 b3 $19 {
Schwarz gewinnt leicht.} 55. Kc3 b2 56. Kc2 a5 {[%csl Rh6] Und Weiß mußte
aufgeben, denn die drei Bauern mit der Unterstützung des Springers sind
tödlich.} 0-1

[Event "Bern zt"]
[Site "Bern"]
[Date "1990.??.??"]
[Round "14"]
[White "Fauland, Alexander"]
[Black "Lobron, Eric"]
[Result "0-1"]
[WhiteElo "2480"]
[BlackElo "2545"]
[Annotator "Ribli,Z"]
[PlyCount "78"]
[EventDate "1990.01.??"]
[EventType "tourn"]
[EventRounds "15"]
[EventCountry "SUI"]
[EventCategory "9"]
[SourceTitle "CBM 017"]
[Source "ChessBase"]
[SourceDate "1990.08.01"]
[SourceVersion "1"]
[SourceVersionDate "1990.08.01"]
[SourceQuality "1"]

1. c4 Nf6 2. g3 e5 3. Bg2 Be7 4. Nf3 d6 5. O-O O-O 6. Nc3 Re8 7. e4 $2 {>= 7.d4
} Bg4 $1 8. h3 Bxf3 9. Bxf3 Nc6 {>< d4} 10. Ne2 Nd7 11. Rb1 a5 12. d4 exd4 13.
Nxd4 Nxd4 14. Qxd4 Bf6 15. Qd1 Ne5 16. Bg2 Nxc4 17. Qd5 Ne5 18. Qxb7 Nd3 19.
Bd2 Rb8 20. Qc6 Re5 $1 {=/+} 21. Qc2 Nb4 22. Qa4 Reb5 23. b3 c5 24. Rfd1 Bd4
25. Bf1 R5b6 26. Kg2 d5 $1 27. Bf4 dxe4 $1 28. Bxb8 Rxb8 29. a3 Nd5 {-/+} 30.
Qc4 h5 31. Qe2 Qf6 32. Rbc1 e3 33. f4 Rxb3 34. Rc2 Qg6 35. Kh2 h4 36. Qg2 hxg3+
37. Kh1 Nxf4 38. Qa8+ Kh7 39. Bg2 f5 0-1

[Event "YUG-ch playoff"]
[Site "Kladovo"]
[Date "1990.??.??"]
[Round "2"]
[White "Damljanovic, Branko"]
[Black "Kozul, Zdenko"]
[Result "0-1"]
[WhiteElo "2535"]
[BlackElo "2575"]
[Annotator "Ribli,Z"]
[PlyCount "48"]
[EventDate "1990.04.??"]
[EventType "match"]
[EventRounds "3"]
[EventCountry "YUG"]
[SourceTitle "CBM 018"]
[Source "ChessBase"]
[SourceDate "1990.10.01"]
[SourceVersion "1"]
[SourceVersionDate "1990.10.01"]
[SourceQuality "1"]

1. c4 Nf6 2. Nc3 d5 3. cxd5 Nxd5 4. g3 e5 5. Bg2 Nb6 6. a4 a5 7. Nf3 {7.d3,
Bb4 8.Nf3, Nc6 9.0-0  Leepin-Aljehin München 1941} Bd6 8. O-O O-O 9. d3 Na6 $1
{>< b4} 10. Nb5 Re8 11. Nxd6 cxd6 12. Bd2 Nd5 13. e4 Ndb4 14. d4 Bg4 15. Bc3
Nc6 16. d5 Ncb4 17. h3 Bh5 18. Qd2 Qd7 19. Nh4 Bg6 20. Nxg6 hxg6 21. f4 $6 Nc5
22. Ra3 exf4 23. Qd4 $2 {23.Qxf4 =/+} f6 24. gxf4 Nc2 0-1